Sāhityamīmāṃsā / (Record no. 53599)

MARC details
000 -LEADER
fixed length control field 00935cam a2200253 a 4500
001 - CONTROL NUMBER
control field sa 63000739
003 - CONTROL NUMBER IDENTIFIER
control field DLC
005 - DATE AND TIME OF LATEST TRANSACTION
control field 20260227111923.0
008 - FIXED-LENGTH DATA ELEMENTS--GENERAL INFORMATION
fixed length control field 890710s1962 ii b 001 1 gujo
010 ## - LIBRARY OF CONGRESS CONTROL NUMBER
LC control number sa 63000739
035 ## - SYSTEM CONTROL NUMBER
System control number (OCoLC)19987532
040 ## - CATALOGING SOURCE
Original cataloging agency DLC
Transcribing agency DLC
050 00 - LIBRARY OF CONGRESS CALL NUMBER
Classification number PK1855
Item number .S24 1962
245 00 - TITLE STATEMENT
Title Sāhityamīmāṃsā /
Statement of responsibility, etc. sampādakā, Vishṇuprasāda Ra. Trivedī, Jīvanalāla Trī. Parīkha.
260 ## - PUBLICATION, DISTRIBUTION, ETC.
Place of publication, distribution, etc. Sūrata :
Name of publisher, distributor, etc. Cūnīlāla Gāndhī Vidyābhavana :
-- Sārvajanika Ecyukeśana Sosāyaṭī,
Date of publication, distribution, etc. 1962.
300 ## - PHYSICAL DESCRIPTION
Extent 2, 31, 448 p. ;
Dimensions 19 cm.
490 1# - SERIES STATEMENT
Series statement Cūnīlāla Gāndhī Vidyābhavana prakāśana ;
Volume/sequential designation 10
546 ## - LANGUAGE NOTE
Language note In Gujarati.
504 ## - BIBLIOGRAPHY, ETC. NOTE
Bibliography, etc. note Includes bibliographical references and index.
650 #0 - SUBJECT ADDED ENTRY--TOPICAL TERM
Topical term or geographic name entry element Gujarati literature.
700 1# - ADDED ENTRY--PERSONAL NAME
Personal name Trivedī, Vishṇuprasāda Ra.,
Dates associated with a name 1899-
700 1# - ADDED ENTRY--PERSONAL NAME
Personal name Parikh, J. T.
Fuller form of name (Jivanlal Trikamlal)
830 #0 - SERIES ADDED ENTRY--UNIFORM TITLE
Uniform title Shri Chunilal Gandhi Vidyabhavan studies ;
Volume/sequential designation no. 10.

No items available.

Powered by Koha